[Event "Bundesliga 0001"]
[Site "Germany"]
[Date "2001.03.10"]
[Round "10.6"]
[White "Mueller, Karsten"]
[Black "Hansen, Curt"]
[Result "0-1"]
[WhiteElo "2513"]
[BlackElo "2613"]
[Annotator "Psakhis,L"]
[PlyCount "98"]
[EventDate "2000.10.14"]
[EventType "team-tourn"]
[EventRounds "15"]
[EventCountry "GER"]
[SourceTitle "CBM 082"]
[Source "ChessBase"]
[SourceDate "2001.05.17"]
[SourceVersion "1"]
[SourceVersionDate "2001.05.17"]
[SourceQuality "1"]
[WhiteTeam "Hamburger SK"]
[BlackTeam "Porz"]
[WhiteTeamCountry "GER"]
[BlackTeamCountry "GER"]

1. e4 e6 2. d4 d5 3. Nc3 Bb4 4. exd5 {Good line fore guys, who doesn't want to
study long and unclear variations .} exd5 5. Bd3 Nc6 (5... Nf6 {another good
move.}) 6. a3 Bxc3+ 7. bxc3 Nf6 8. Ne2 O-O 9. O-O Re8 {I am not sure that
Black needs to play this move.} (9... Na5 10. Ng3 Bg4 11. f3 Bd7 {looks very
safe for Black, for example} 12. Re1 Nc4 13. Bf4 Re8 14. Be5 h6 15. Bxc4 dxc4
16. Qe2 Be6 17. Bxf6 Qxf6 18. Ne4 Qd8 19. Nc5 Bd5 $11 {1/2-1/2 Spraggett,
K-Eingorn,V/Metz op 1997 (35)}) 10. Bg5 h6 11. Bh4 Na5 12. Re1 $146 (12. Qd2 $5
{[%cal Gd2f4] looks more dangerous for Black} Qd6 13. Bg3 Qc6 14. Qf4 Re7 15.
Bh4 Kf8 16. Bxf6 Qxf6 17. Qxf6 gxf6 18. Nf4 Rd7 19. g4 Rd6 $14 {Nataf,I-Short,
N/Wch New Delhi 2000//1/2-1/2 (41)}) 12... Qd6 $1 {[%cal Gd6c6,Ga5c4]} 13. Bxf6
{Its became clear that white is playing just for a draw} (13. Bg3 Qc6 {[%cal
Gf6e4]}) 13... Qxf6 14. Nf4 Rxe1+ (14... Be6 15. Qd2 $11) 15. Qxe1 Be6 16. Qe3
({Black has nothing to worry about after} 16. Nxe6 Qxe6 17. Qxe6 fxe6 18. Re1
Kf7 {[%csl Ra3,Rc2,Rc3][%cal Ga8e8,Gf7f6]}) 16... c6 (16... Re8 $2 17. Nxd5)
17. Re1 Re8 18. Qg3 ({Perhaps White should have preferred} 18. Qe5 $5 Qxe5 19.
Rxe5 Bd7 $11) 18... Qg5 $1 19. Qxg5 $6 ({Worth considering} 19. f3 {or even}) (
19. Re5 Qxg3 20. hxg3 $11) 19... hxg5 20. Nxe6 (20. Nh5 Kf8) 20... Rxe6 21.
Rxe6 fxe6 22. Kf1 Kf7 {Black's chanses are better in endgame} 23. Ke2 Kf6 24.
Kf3 b6 $1 (24... e5 25. Kg4 $11) 25. Kg4 c5 {[%cal Ga5b7,Gb7d6]} 26. f4 (26.
Ba6 $142 $5) 26... gxf4 27. Kxf4 c4 28. Be2 g5+ 29. Kg4 (29. Ke3 Nb7 30. Bf3
Nd6 31. a4 a5 {[%cal Gb6b5]}) 29... Nb7 {Finally black knight move closer to
week white's pawns and White needs already good advice.} 30. h4 gxh4 31. Kxh4
Nd6 {[%csl Rc3][%cal Rd6b5,Rd6e4]} 32. Kh5 Ne4 33. Bf3 (33. g4 $2 Ng3+ 34. Kh6
Nxe2 35. g5+ Kf7 36. Kh7 Nf4 $19) 33... Nxc3 34. Kh6 ({After} 34. g4 {Black
can choose between simple and strong} Kg7 $1 $19 {[%cal Gc3b5]} ({and sharp
line} 34... Nb5 $5 35. Kh6 Nxd4 36. g5+ Ke5 37. Bg4 Nxc2 $1 38. g6 Ne3 39. Bh3
c3 $19)) 34... Ne4 (34... Nb5 35. g4) 35. g4 Ng5 36. Be2 (36. Bd1 $5 b5 37. c3
a5 38. Bc2 Nf7+ 39. Kh5 e5) 36... b5 37. c3 a5 38. Bd1 Nf7+ 39. Kh5 Kg7 (39...
e5 40. g5+ Kg7 41. dxe5 Nxe5 $19) (39... Ng5 $5) 40. Bc2 Kf6 41. Bb1 Ng5 42.
Kh6 Nf3 43. Bc2 e5 $1 {Final breakthrough!} 44. g5+ Nxg5 45. dxe5+ Kxe5 46.
Kxg5 d4 $19 47. a4 (47. cxd4+ Kxd4 48. Kf4 Kc3 49. Bf5 Kb2 50. Ke3 c3 51. Kd4
b4) 47... d3 (47... b4 $5) 48. Bd1 b4 49. cxb4 c3 0-1

[Event "Julian Borowski 1st"]
[Site "Essen"]
[Date "1999.04.03"]
[Round "7"]
[White "Milov, Vadim"]
[Black "Christiansen, Larry Mark"]
[Result "1/2-1/2"]
[WhiteElo "2633"]
[BlackElo "2581"]
[Annotator "Psakhis,L"]
[PlyCount "80"]
[EventDate "1999.03.??"]
[EventType "tourn"]
[EventRounds "9"]
[EventCountry "GER"]
[EventCategory "14"]
[SourceTitle "CBM 071"]
[Source "ChessBase"]
[SourceDate "1999.08.01"]
[SourceVersion "1"]
[SourceVersionDate "1999.08.01"]
[SourceQuality "1"]

1. d4 e6 2. e4 d5 3. exd5 {Strange choice for so agressive chessplayer as
Vadim Milov} exd5 4. Nf3 Nf6 (4... Nc6 $5 {Was the most popular move last
years.}) 5. c4 Bb4+ 6. Nc3 O-O 7. Be2 dxc4 8. Bxc4 (8. O-O Bxc3 (8... Bg4 $5)
9. bxc3 Be6 10. Bg5 Nbd7 11. Nd2 b5 12. a4 a6 13. Bf3 Rb8 14. Ne4 h6 $14 {
0-1 Thesing,M-Kindermann,S/BL 1993 (31)}) 8... c5 {N/ Interesting novelty, but
black hasn,t too many problems and after} (8... Bg4 {for example} 9. O-O (9.
Be3 $6 Nd5 10. O-O Bxc3 11. bxc3 Nxc3 12. Qb3 Bxf3 13. gxf3 b5 $1 14. Bd3 Nd5
15. Qxb5 Nxe3 16. fxe3 Nd7 17. Rac1 c5 $15 {1/2-1/2 Gulko-Psakhis,L/Riga ch
USSR 1985 (72)}) 9... Nc6 10. Be3 Qd7 11. h3 Bh5 12. Be2 Rad8 13. Qb3 Bd6 14.
Rad1 Na5 15. Qc2 Bxf3 16. Bxf3 h6 17. Qd3 a6 18. d5 $14 {1/2-1/2 Okhotnik,
V-Hebert,J/Paris op 1995 (29)}) ({Deserves attention also} 8... Re8+ $5 9. Be3
Be6 10. Bxe6 Rxe6 11. O-O Bxc3 12. bxc3 Qd5 13. Nd2 b5 14. Qe2 Nbd7 $11 {
1-0 Colovic,A-Kacakovski,D/Skopje op 1998 (32)}) 9. O-O cxd4 10. Nxd4 (10. Qxd4
$5 Nc6 $140 11. Qh4 Qa5 12. Bg5 $36) 10... Bg4 11. f3 (11. Qb3 $6 Qxd4 12. Qxb4
Nc6 13. Be3 Nxb4 14. Bxd4 Nc2 15. Bxf6 Nxa1 16. Bxg7 Rfc8 $1) (11. Qd3 Nbd7 $11
) 11... Bh5 12. Be3 Nbd7 $11 {Black successfully finished development, game is
equal.} 13. Nd5 (13. Qb3 $5) 13... Nxd5 14. Bxd5 Nf6 $5 15. Bb3 $6 (15. Bxb7
$142 $5 Qe7 16. Qb3 $1 Qxb7 (16... Rab8 17. Be4 Nxe4 $140 $2 18. Nc6) 17. a3
Rfb8 18. axb4 Qxb4 $11) 15... Re8 16. Nc2 (16. Bf2 Qa5 $5 (16... Ne4 17. Bxf7+
$1 Bxf7 (17... Kxf7 $2 18. Qb3+) 18. fxe4 Rxe4 $11)) 16... Bd6 17. Kh1 Ne4 (
17... Qc7 $5) 18. Qe1 (18. Bxf7+ $142 $1 Bxf7 19. fxe4) 18... Nc5 19. Qd2 Nxb3
20. axb3 Bg6 $15 21. Bg1 Bxh2 $5 {Nice move wins pawn, but, unfortunately not
game.Black could continue} (21... Rc8 $5 {with small advantage.}) 22. Qxd8
Rexd8 23. Kxh2 Bxc2 24. Bxa7 Bxb3 25. Bb6 Rxa1 26. Rxa1 Re8 27. Ra3 {[%cal
Ga3d3,Gd3d8]} Bc4 28. Re3 Ra8 (28... Rc8 29. Re7 Bd5 30. Rd7 $11) 29. Re7 Bd5
30. Rd7 Bc6 31. Rd8+ Rxd8 32. Bxd8 $11 {White hasn,t real troubles in ending
in spite of material disbalance.} f6 33. Kg3 Kf7 34. Kf2 h5 35. Bb6 Ke6 36. Ba5
h4 37. Bb6 g5 38. Bd8 Kf5 39. Be7 Kg6 40. Bd8 f5 (40... f5 41. f4) 1/2-1/2

[Event "GER-ch 73th"]
[Site "Altenkirchen"]
[Date "2001.12.08"]
[Round "9"]
[White "Grafl, Florian"]
[Black "Berezovsky, Igor"]
[Result "0-1"]
[WhiteElo "2317"]
[BlackElo "2432"]
[Annotator "Psakhis,L"]
[PlyCount "85"]
[EventDate "2001.11.30"]
[EventType "swiss"]
[EventRounds "9"]
[EventCountry "GER"]
[SourceTitle "CBM 087"]
[Source "ChessBase"]
[SourceDate "2002.03.21"]
[SourceVersion "1"]
[SourceVersionDate "2002.03.21"]
[SourceQuality "1"]

1. e4 e6 2. d4 d5 3. Nc3 Bb4 4. exd5 exd5 5. Bd3 Nc6 6. a3 Ba5 (6... Bxc3+ $5
7. bxc3 Nf6 $13 {is the easiest way to equalization according to modern theory.
}) 7. Be3 Nge7 8. Qh5 (8. Nf3 Bg4 9. h3 Bh5 10. Qe2 f6 11. g4 Bf7 12. b4 Bb6
13. Nd1 h5 14. g5 h4 15. c3 Bh5 16. gxf6 gxf6 17. a4 a5 18. b5 Na7 19. Bf4 Qd7
20. Ne3 O-O-O 21. Kd2 Kb8 22. Rag1 Rdg8 {Chajes,O-Nimzovich,A/Karlsbad 1923/
1-0 (59)}) 8... Be6 9. b4 (9. Nf3 Bxc3+ 10. bxc3 Qd7 11. Ng5 O-O-O 12. Nxe6
fxe6 13. O-O Nf5 14. Rfe1 Rde8 15. Bf4 g6 16. Qh3 Rhf8 {Hamdouchi,H-Matamoros
Franco,C/Sevilla op 2002/The Week in Chess 376/1/2-1/2 (54)}) 9... Bb6 10. Nf3
a6 $146 {Novelty.Berezovsky tries to keep bishop.} (10... Qd6 11. Na4 g6 12.
Qh6 Bf5 13. Nxb6 axb6 14. Bf4 Qe6+ 15. Kd2 Bxd3 16. cxd3 Nf5 17. Qh3 O-O-O 18.
Rhe1 Qd7 19. Rac1 Nd6 20. Qxd7+ Kxd7 21. Be5 Rhf8 22. Ng5 f6 23. Bxd6 fxg5 24.
Bxf8 Rxf8 25. Kc3 Rxf2 26. Rf1 Rxg2 27. Rf7+ Kc8 28. Re1 {1-0 Strikovic,
A-Romero Holmes,A/Leon-B (Knaak) 1996 (28)}) (10... Qd7 11. b5 Ba5 12. Bd2 Nb8
13. Ng5 h6 14. O-O g6 15. Qh4 Bf5 16. Rfe1 Kf8 17. Nf3 Bxd3 18. cxd3 g5 19. Qh5
Ng6 20. Ne5 $36 {1-0 Hickl,J-Uhlmann,W/Baden Baden-B 1992/[Knaak] (43)}) 11.
Ne2 ({Worth considering} 11. Na4 $1 {[%cal Ga4c5] and in the case of} Ba7 12.
Nc5) 11... Qd7 12. h3 (12. Ng5 O-O-O 13. Nxe6 fxe6 14. O-O g6 $13 {[%cal Ge7f5]
leads to complicated but nice game for black}) 12... Bf5 13. Bxf5 (13. Ng5 g6)
13... Qxf5 14. Qxf5 Nxf5 $15 {[%csl Re3][%cal Gf5d6,Gd6c4,Gd6e4] Black did
very well in opening.He managed to exchange light coloured bishops and already
got initiative in the endgame.} 15. O-O-O Nd6 16. Nc3 Ne7 17. Rhe1 c6 18. Bf4
Nc4 19. Na4 {Most natural move} ({but} 19. a4 $5 {with the idea to meet} f6 {
with} 20. Nd2 $5 $13 {also deserves attention, for example} Bxd4 $140 21. Nxd5
$1 Bb2+ 22. Kb1 cxd5 23. Nxc4 Bc3 24. Re3 $36) 19... Bd8 20. Nc5 b6 21. Nb7 $1
f6 22. Re6 $2 {Big mistake, Grafl simply overestimate his position.} ({Correct
} 22. Nd6+ $1 Nxd6 23. Bxd6 Kd7 $11 {leads to the game with equal chances})
22... Kd7 {[%csl Rb7]} 23. Rde1 Ng6 24. Bg3 Bc7 $1 {[%csl Rb7][%cal Gc7e5]
White now has big troubles - he can't protect knight on b7} (24... Nge5 $2 25.
dxe5 Kxe6 26. Nd4+ Kd7 27. e6+ Ke8 28. Nd6+ Nxd6 29. Bxd6 $44) 25. Nh4 Be5 (
25... Bxg3 $5 {could be another way to victory, after} 26. Nxg6 hxg6 27. Re7+
Kc8 28. fxg3 Rb8 29. Rxg7 Rxb7 30. Rxg6 Rf7 $19 {black's victory just question
of time and simple tecnique}) 26. Nxg6 hxg6 27. Bxe5 $2 (27. R1xe5 $5 {could
be the last chance for white to escape, for example} fxe5 (27... Nxe5 28. Rd6+
Kc7 29. dxe5 $132) 28. Rxg6 Rag8 (28... Rab8 29. Rxg7+ Kc8 30. Bxe5 $1 $18) 29.
dxe5 Rh6 $17) 27... Kxe6 28. Bd6+ Kf5 29. f4 {[%cal Rg2g4]} g5 (29... Nxd6 $5
30. Nxd6+ Kxf4 $19 {[%cal Gf4g3]}) 30. fxg5 Kxg5 31. Rf1 Rh4 $19 {Rest is
simple} (31... Nxa3 $5) 32. Bc7 Re4 (32... Rc8 $5) 33. Nd6 Nxd6 34. Bxd6 Rxd4
35. Bc7 b5 36. Rf3 Re8 37. Bd6 Kg6 38. Rg3+ Kf7 39. Bc5 Re1+ 40. Kb2 Rd2 41.
Be3 Rdd1 42. Kb3 d4 43. Rf3 0-1

[Event "URS-chT Cup 11th"]
[Site "Rostov on Don"]
[Date "1980.05.??"]
[Round "2"]
[White "Kuzmin, Gennadi P"]
[Black "Jussupow, Artur"]
[Result "1-0"]
[WhiteElo "2530"]
[BlackElo "2485"]
[Annotator "RR"]
[PlyCount "75"]
[EventDate "1980.05.23"]
[EventType "team-tourn"]
[EventRounds "7"]
[EventCountry "URS"]
[SourceTitle "EXT 2020"]
[Source "ChessBase"]
[SourceDate "2019.10.17"]
[SourceVersion "1"]
[SourceVersionDate "2019.10.17"]
[SourceQuality "1"]
[WhiteTeam "Avangard"]
[BlackTeam "Burevestnik"]
[WhiteTeamCountry "URS"]
[BlackTeamCountry "URS"]

1. e4 e5 2. Nf3 Nf6 3. Nxe5 d6 4. Nf3 Nxe4 5. d3 (5. d4) (5. Qe2) 5... Nf6 6.
d4 d5 7. Bd3 Bd6 8. O-O O-O 9. h3 h6 10. Nc3 c6 $146 ({RR} 10... Re8 11. Nb5
Bf8 12. Bf4 Na6 13. a3 c6 14. Nc3 Nc7 15. Be5 Bd6 16. Re1 Bxe5 17. dxe5 Nd7 18.
Qd2 Nc5 19. b4 Nxd3 20. cxd3 f6 21. Na4 b6 22. Rac1 Bd7 23. Nc3 a5 24. Na4 Ne6
25. exf6 {Kuzmin,G (2530)-Andrianov,N/Krasnoyarsk 1980/EXT 2002/1/2-1/2 (32)})
11. Ne5 Nbd7 ({RR} 11... c5) 12. Bf4 Qc7 13. Re1 Re8 14. Re3 Nxe5 15. dxe5 Rxe5
16. Bxe5 Bxe5 17. Qe2 Bh2+ 18. Kh1 Bd7 19. g3 d4 20. Rf3 dxc3 21. Kxh2 cxb2 22.
Rb1 Qa5 23. Re3 Nd5 24. Re5 f6 25. Re4 Nc3 26. Qd2 Qa3 $6 (26... b6 $142 27.
Bc4+ Kh7 28. Qxd7 Nxe4 29. Bd3 f5 $17) 27. Bc4+ Kh7 $4 {Donne la possibilité
aux blancs de gagner un tempo décisif sur l'échec Qf5} (27... Kh8 $142 28. Rh4
Nxb1 $4 (28... Nd5 $8) 29. Rxh6+ $3) 28. Qxd7 Nxb1 29. Bd3 f5 30. Qxf5+ Kg8 31.
Qe6+ Kh8 32. Qg6 Qxd3 33. cxd3 Nc3 34. Re7 Rg8 35. Rxb7 b1=Q 36. Rxb1 Nxb1 37.
Qxc6 Nd2 38. Kg2 1-0

[Event "Rohde op 12th"]
[Site "Sautron"]
[Date "2012.11.03"]
[Round "9"]
[White "Lagarde, Maxime"]
[Black "Bedouin, Xavier"]
[Result "1/2-1/2"]
[WhiteElo "2501"]
[BlackElo "2414"]
[Annotator "RR"]
[PlyCount "83"]
[EventDate "2012.10.27"]
[EventType "swiss"]
[EventRounds "9"]
[EventCountry "FRA"]
[SourceTitle "EXT 2014"]
[Source "ChessBase"]
[SourceDate "2013.11.20"]
[SourceVersion "1"]
[SourceVersionDate "2013.11.20"]
[SourceQuality "1"]
[TimeControl "40/5400+30:1800+30"]
[WhiteClock "1:30:00"]
[BlackClock "1:30:00"]

1. e4 {[%emt 0:00:00]} e5 {[%emt 0:00:00]} 2. Nf3 {[%emt 0:00:00]} Nf6 {
[%emt 0:00:00]} 3. Nxe5 {[%emt 0:00:10]} d6 {[%emt 0:00:00]} 4. Nf3 {[%emt 0:
00:04]} Nxe4 {[%emt 0:00:08]} 5. d3 {[%emt 0:01:18]} Nf6 {[%emt 0:01:18]} 6. d4
{[%emt 0:00:05]} d5 {[%emt 0:00:45]} 7. Bd3 {[%emt 0:00:54]} Bd6 {[%emt 0:01:
23]} 8. h3 {[%emt 0:00:51]} O-O {[%emt 0:03:02]} 9. O-O {[%emt 0:01:12]} h6 {
[%emt 0:00:45]} 10. Re1 {[%emt 0:01:51]} Re8 {[%emt 0:06:50]} 11. Rxe8+ {
[%emt 0:00:58]} ({RR} 11. Nbd2 Rxe1+ 12. Qxe1 Nc6 13. c3 Ne7 14. Nf1 Bf5 {
1/2-1/2 Belikov,V (2519)-Shtyrenkov,V (2459)/Alushta 2005/CBM 108 ext}) 11...
Qxe8 {[%emt 0:00:21]} 12. Nc3 {[%emt 0:00:45]} (12. Be3) 12... c6 {[%emt 0:00:
38]} 13. Ne2 {[%emt 0:00:05]} Ne4 {[%emt 0:02:45]} (13... Be6) 14. Bf4 {
[%emt 0:00:22]} Bxf4 {[%emt 0:00:59]} 15. Nxf4 {[%emt 0:00:10]} Bf5 {[%emt 0:
00:33]} 16. c3 {[%emt 0:01:54]} Nd7 {[%emt 0:01:37]} 17. Qc2 {[%emt 0:03:33]}
Ndf6 {[%emt 0:07:39]} 18. Re1 {[%emt 0:01:16][%cal Ge1e8,Gf3e5,Gf2f3]} Qb8 {
[%emt 0:02:44]} 19. Ne2 {[%emt 0:01:45]} (19. Ne5 $5 {[%cal Gf2f3]}) 19... Qc7
{[%emt 0:01:01]} 20. Qc1 {[%emt 0:01:01]} Nd6 {[%emt 0:01:45]} 21. Bxf5 {
[%emt 0:00:17]} Nxf5 {[%emt 0:00:08]} 22. Qf4 {[%emt 0:00:14]} Qxf4 {[%emt 0:
00:16]} 23. Nxf4 {[%emt 0:00:04]} Re8 {[%emt 0:00:22]} 24. Rxe8+ {[%emt 0:00:
43]} Nxe8 {[%emt 0:00:10]} 25. Kf1 {[%emt 0:01:05]} Kf8 {[%emt 0:02:23]} 26.
Ke2 {[%emt 0:01:29]} Ke7 {[%emt 0:00:49]} 27. Kd3 {[%emt 0:00:17]} a5 {[%emt 0:
00:53]} 28. Nd2 {[%emt 0:00:56]} Nfd6 {[%emt 0:00:28]} 29. f3 {[%emt 0:00:43]}
Nc7 {[%emt 0:00:15][%cal Gc7e6]} 30. Nf1 {[%emt 0:00:26]} Ne6 $11 {[%emt 0:00:
50]} 31. Nxe6 {[%emt 0:00:32]} Kxe6 {[%emt 0:00:08]} 32. Ne3 {[%emt 0:00:31]}
Nf5 {[%emt 0:00:45]} 33. Nxf5 {[%emt 0:00:35]} Kxf5 {[%emt 0:00:09]} 34. Ke3 {
[%emt 0:00:17]} g5 {[%emt 0:04:36]} 35. g4+ {[%emt 0:00:10]} Ke6 {[%emt 0:00:
13]} 36. Kd3 {[%emt 0:00:45]} b5 {[%emt 0:00:55]} 37. b4 {[%emt 0:00:50][%csl
Rc6]} a4 {[%emt 0:04:08]} 38. a3 {[%emt 0:06:12]} f5 $1 {[%emt 0:04:03] Il n'y
a plus de leviers pour les Blancs et la nulle est inévitable} 39. Kc2 {[%emt 0:
03:57]} f4 {[%emt 0:01:21]} 40. Kb2 {[%emt 0:00:00]} Kf6 {[%emt 0:00:00]} 41.
Ka1 {[%emt 0:03:10]} Ke6 {[%emt 0:04:22]} 42. Kb1 {[%emt 0:00:45]} 1/2-1/2

[Event "Cappelle op 31st"]
[Site "Cappelle la Grande"]
[Date "2015.03.01"]
[Round "2"]
[White "Onischuk, Vladimir"]
[Black "Arun Prasad, Subramanian"]
[Result "1-0"]
[WhiteElo "2629"]
[BlackElo "2502"]
[Annotator "RR"]
[PlyCount "93"]
[EventDate "2015.02.28"]
[EventType "swiss"]
[EventRounds "9"]
[EventCountry "FRA"]
[SourceTitle "EXT 2016"]
[Source "ChessBase"]
[SourceDate "2015.10.08"]
[SourceVersion "1"]
[SourceVersionDate "2015.10.08"]
[SourceQuality "1"]

1. e4 e6 2. d4 d5 3. Bd3 {Rarement joué à ce niveau} dxe4 4. Bxe4 Nf6 5. Bf3
c5 6. Ne2 Nc6 (6... Be7 7. Nbc3 O-O 8. Be3 Qc7 9. O-O Rd8 10. Nb5 Qa5 11. c4 a6
12. Nbc3 cxd4 13. Nxd4 Nbd7 14. Qe2 Ne5 15. Rfd1 Qc7 16. b3 Bd7 17. Bg5 Be8 18.
Bh4 Nxf3+ 19. Qxf3 Rd7 20. Rd3 Rad8 21. Rad1 Qe5 22. Nde2 Rxd3 23. Rxd3 Rxd3
24. Qxd3 b5 25. cxb5 axb5 26. Qd4 Qf5 27. h3 b4 28. Ne4 Kf8 29. Nxf6 gxf6 30.
Qd2 Bc6 31. Ng3 Qd5 32. Qxd5 Bxd5 33. Nh5 Be4 34. Nxf6 Bxf6 35. Bxf6 Bb1 36.
Bd4 {Onischuk,V (2594)-Berkes,F (2665) Zalakaros 2014 1/2-1/2}) 7. Be3 cxd4 8.
Nxd4 Ne5 9. Nc3 (9. O-O Nxf3+ 10. Qxf3 $32) 9... Bb4 10. Ndb5 $5 Bd7 11. a3
Bxc3+ (11... Bxb5 12. axb4 Bc6 13. Bxc6+ Nxc6 14. b5 $14 {[%csl Ra7]}) 12. Nxc3
Nxf3+ $146 (12... Qc7 13. O-O O-O 14. Bf4 Nxf3+ 15. Qxf3 e5 16. Bg5 Bc6 17. Qg3
Nh5 18. Qh4 Nf4 19. Bxf4 exf4 20. Rad1 f3 21. gxf3 Bxf3 22. Rd3 Bc6 23. Re1
Rfe8 24. Rxe8+ Rxe8 25. Re3 Rxe3 26. fxe3 h6 27. Kf2 Qb6 28. Qb4 Qd8 29. Ke1
Qg5 30. Qf4 Qg1+ 31. Kd2 Qg2+ 32. Kc1 g5 33. Qg3 Qxg3 34. hxg3 h5 35. Nd1 h4
36. gxh4 gxh4 37. Nf2 f5 38. Kd2 Bg2 39. Ke2 h3 40. Nxh3 Bxh3 41. Kf3 Kf7 42.
e4 {Arjun,V (2270)-Kraai,J (2455) Chicago 2007 0-1}) 13. Qxf3 Qc7 (13... Bc6
14. Qg3 O-O) 14. Qg3 Qxg3 15. hxg3 Bc6 16. f3 a6 17. O-O-O $14 Nd5 18. Nxd5
Bxd5 19. b3 b5 20. Rh4 f6 21. a4 (21. Rdh1 h6) 21... Kf7 22. Kb2 h6 (22... bxa4
$6 23. Rxa4 {[%csl Ra6]}) 23. Rb4 Bc6 24. Rd6 Rhc8 25. a5 $1 Rab8 26. Bb6 $14
Ke7 27. Rd2 (27. Rbd4 $2 Bd5) (27. Rdd4 Rxb6 $1 28. axb6 a5) 27... Bd5 28. Rdd4
Kf7 29. c4 $1 {Gagne de l'espace et le P isolé est davantage une force qu'une
faiblesse} bxc4 30. bxc4 Bc6 31. Kc3 h5 32. Rh4 Rh8 33. Be3 Rxb4 34. Kxb4 Rb8+
35. Bb6 Kg6 $2 (35... g6 {Plus souple} 36. Kc5) 36. Kc5 $36 {La différence
d'activité entre les deux K va être un facteur décisif dans cette finale}
Rc8 37. Kd6 e5 38. Bc7 $1 $40 Ba4 39. c5 Bb5 40. c6 Kf7 41. Rxh5 (41. Rb4 Re8
42. Rxb5 $5 {Le sacrifice de qualité semble tentant mais il est réalisé
dans des mauvaises conditions} axb5 43. Kc5 Rc8 (43... g5 44. Kxb5) 44. Kxb5
Rxc7 45. Kb6 Re7 46. c7 Re8 47. Kb7 f5 48. c8=Q Rxc8 49. Kxc8 e4 50. a6 e3 51.
a7 e2 52. a8=Q e1=Q) 41... Re8 42. Kc5 e4 43. fxe4 Rxe4 44. Kb6 $18 Be2 45. Rc5
Bf1 46. Bf4 Re6 47. Ka7 1-0

[Event "New York op"]
[Site "New York"]
[Date "1998.03.17"]
[Round "3"]
[White "Comas Fabrego, Luis"]
[Black "Bareev, Evgeny"]
[Result "1/2-1/2"]
[WhiteElo "2520"]
[BlackElo "2675"]
[Annotator "Ribli,Z"]
[PlyCount "48"]
[EventDate "1998.03.16"]
[EventType "swiss"]
[EventRounds "9"]
[EventCountry "USA"]
[SourceTitle "CBM 064"]
[Source "ChessBase"]
[SourceDate "1998.06.02"]
[SourceVersion "1"]
[SourceVersionDate "1998.06.02"]
[SourceQuality "1"]

1. c4 e5 2. Nc3 Nf6 3. e3 {Dieser Zug ist nicht so ambitioniert wie seine
Alternativen 3.Nf3 oder 3.g3. Aber Weiß kann mit dieser Fortsetzung die
theoretischen Hauptvarianten vermeiden. Ribli.} c5 {Jetzt ist der Punkt d5 ein
wenig geschwächt, aber Schwarz kann selbst ...d7-d5 mit ähnlichen Stellungen
wie in der Sizilianischen Verteidigung ziehen.} (3... c6 $5 {Mit der Idee ...
d7-d5.}) (3... Bb4 $5) 4. Nf3 Nc6 5. Be2 (5. d4 $5 {Das ist nach meiner
Meinung die prinzipielle Fortsetzung.} cxd4 6. exd4 e4 7. Ng5 Bb4 $13) (5. a3
Be7 6. d4 cxd4 7. exd4 exd4 8. Nxd4 O-O (8... d5 $6 9. cxd5 Nxd5 10. Nxc6 bxc6
11. Nxd5 Qxd5 $14 (11... cxd5 12. Bb5+ Bd7 13. Qxd5 $16)) 9. Nc2 b6 $11) (5. b3
g6 6. Bb2 Bg7 7. Be2 O-O 8. d3 d5 9. cxd5 Nxd5 10. Rc1 Be6 11. O-O b6 $11 {
Weiß hat eine massive Igelstellung, aber nicht mehr.}) 5... Be7 6. d4 exd4 7.
exd4 d5 8. O-O (8. Be3 $5 {In dieser symmetrischen Stellung hat Weiß dank
seines Anzugsvorteils leicht die Überhand.} cxd4 9. Nxd4 Nxd4 (9... O-O 10.
Nxc6 bxc6 11. cxd5 Nxd5 12. Nxd5 cxd5 13. O-O Bf5 14. Qd2 Rc8 15. Rac1 Qd7 16.
Bf3 Rxc1 17. Rxc1 Rd8 18. Bd4 $14 {Malakhov,V-Fogarasi,T/Balatonbereny/1995})
10. Qxd4 dxc4 11. Qxd8+ Bxd8 12. Bxc4 O-O 13. O-O Bd7 14. Rfd1 Bc6 15. Nb5 Bb6
16. Bxb6 axb6 17. f3 Rfd8 $11 {Ivanchuk,V-Anand,W/Manila olm/1992/}) (8. Bg5
cxd4 9. Nxd4 Nxd4 10. Qxd4 dxc4 $11) 8... O-O (8... Be6 $11) 9. Be3 (9. dxc5
dxc4 10. Qxd8 Rxd8 11. Bxc4 Bxc5 12. Bg5 Be7 13. Rfe1 h6 14. Bf4 Kf8 $11 {
Kengis,E-Chuchelov,V/BL2-W9697/}) (9. cxd5 Nxd5 10. Nxd5 Qxd5 11. dxc5 Qxc5 12.
Be3 Qb4 13. Qc2 Be6 $11 {Bezold,M-Milov,L/BL2-O9697/}) 9... cxd4 (9... dxc4 10.
d5 Na5 11. h3 a6 12. a4 Bf5 $13) 10. Nxd4 $11 dxc4 $146 (10... Nxd4 11. Bxd4
dxc4 12. Bxc4 $11 b6 13. Qa4 Bd7 (13... Bb7 14. Rad1 $14 {[%csl Rd8] Die
weißen Figuren stehen aktiv.}) 14. Qb3 Bc6 $11) 11. Nxc6 bxc6 12. Bxc4 {
[%csl Rc6] Theoretisch steht Weiß wegen des schwachen Pc6 etwas besser, aber
in der praktischen Partie hat diese einzige Schwäche keine große Bedeutung.}
Rb8 13. Qxd8 {Weiß spielt direkt auf Remis. Wann immer sich eine Möglichkeit
bietet, tauscht er Figuren. Mit 155 Ratingpunkten weniger ist das verständlich.
} (13. Bxa7 Rxb2 $11) 13... Rxd8 14. b3 (14. Bxa7 Rxb2 $11) 14... Ng4 $6 15.
Bf4 (15. Bxa7 $5 {Nach diesem Zug hat Schwarz kein vollwertiges Spiel für den
Bauern.} Rb7 16. Be3 Nxe3 (16... Bf6 17. Rad1 $14) 17. fxe3 Bf6 (17... Bc5 18.
Rae1 (18. Rfe1 Re7 19. Nd1 (19. Kf2 Rd2+ {[%csl Gd2]}) 19... Bg4) 18... Re7 19.
Kh1 $14) 18. Rad1 $14) 15... Rb7 16. Rad1 g5 {Normalerweise stellt dieser Zug
eine große Schwächung des Königsflügels dar, aber aufgrund des reduzierten
Materials ist er nicht so schlecht.} 17. Rxd8+ Bxd8 18. Bg3 {Weiß hat die
bessere Bauernstruktur, aber dank seines aktiven Figurenspiels steht Schwarz
nicht schlechter.} Bf5 19. h3 Nf6 20. Be5 (20. Rd1 $11) 20... Nd7 21. Bd4 {
[%csl Gc4,Gd4]} Nb6 22. Ba6 (22. Be2 $11) 22... Rd7 23. Bxb6 {Mit diesem
Tausch sichert Weiß sich das Remis.} (23. Rd1 $11) 23... Bxb6 (23... axb6 24.
Bc8 Rd3 25. Bxf5 Rxc3 $11) 24. Bc8 Rd3 {Und in ausgeglichener Stellung wurde
Remis gegeben.} (24... Rd3 25. Bxf5 Rxc3 26. Rd1 Kg7 $11 {Weiß hat die etwas
bessere Bauernstruktur und der schwarze Turm ist nicht so wirksam auf c3, aber
die Anwesenheit der ungleichfarbigen Läufer sichert das Remis. Ribli.}) 1/2-1/2